| 000 | 00672nam a2200241Ia 4500 | ||
|---|---|---|---|
| 008 | 191130s2009##################000#0#eng## | ||
| 020 | _a9788175543034 | ||
| 022 | _a2009042336 | ||
| 040 |
_aACL _cACL |
||
| 082 | _a658.452 BRA | ||
| 100 | _aBradbury, Andrew | ||
| 245 |
_aSuccessful presentation skills _cAndrew Bradbury |
||
| 250 | _a3rd ed | ||
| 260 |
_aLondon _bKogan Page _c2009 |
||
| 300 | _avii, 149 p. : ill. ; 22 cm | ||
| 650 | _aBusiness presentations | ||
| 650 | _aOral communication | ||
| 650 | _aPresentation graphics software | ||
| 650 | _aPublic speaking | ||
| 990 | _a28aaf837ac10000c22364f736d0b1bb4 | ||
| 991 | _a146622 | ||
| 999 |
_c291796 _d291796 |
||